Gramática Sucinta de la Lengua Inglesa

Enregistré dans:
Détails bibliographiques
Auteur principal: Pavía, Luigi
Format: Livre
Langue:Undetermined
Publié: Barcelona, España C. Seither 1918
Sujets:
Tags: Ajouter un tag
Pas de tags, Soyez le premier à ajouter un tag!

MARC

LEADER 00000nam a2200000Ia 4500
008 170316s9999 xx 000 0 und d
090 |a 415-I P-3g 
100 |a Pavía, Luigi 
245 |a Gramática Sucinta de la Lengua Inglesa 
260 |a Barcelona, España 
260 |b C. Seither 
260 |c 1918 
300 |a 192 páginas 
650 |a GRAMÁTICA INGLESA 
999 |c 19491  |d 19491 
040 |a cru BVZT 
942 |c 15 D  |h 415-I P-3g  |2 z